000 01165nas a2200349 4500
001 BR8600587
003 BR-BrBNA
005 20231205090335.0
007 ta
008 230509b bl.|||p| |||| 00| 00por d
040 _aBR-BrBNA
_bpor
_cBiblioteca Nacional de Agricultura
041 _a(Pt)
072 _aF61
100 1 _aMalavolta, E.
100 1 _aAlmeida, C.L.F. de
100 1 _aDario, G.J.A.
100 1 _aMaria, I.C. de
100 1 _aBrito Neto, J.
100 1 _aBaldeon, J.R.M.
100 1 _aFarinazzo Filho, M.
100 1 _aCastro, O.M. de
100 1 _aLorandi, R.
245 1 _aEstudos sobre a nutricao mineral do arroz, 26: avaliacao do estado nutricional da variedade Dourado Precoce
246 1 _aStudies on the mineral nutrition of rice, 26: evaluation of the nutritional status of variety Dourado Precoce
650 _aARROZ
650 _aNUTRICAO VEGETAL
650 _aMACROELEMENTO
650 _aMATERIA SECA
773 0 _tAnais da Escola Superior de Agricultura Luiz de Queiroz (Brazil)
_xISSN 0071-1276
_g(1983), v. 40(2) p. 1007-1029
_wBR8600587
909 _a202311
_bLúcia
_c55
_dLúcia Elande
942 _2AGRIS
_n0
_cANA
999 _c117724
_d117724